000 00441nam a2200157 a 4500
001 000040156
005 20201002033943.0
008 130809s1956 ag a 000 0 spa d
040 _aDO-SdBNP
_bspa
_cBNPHU
082 _axxx
100 1 _aCossio, Pedro
_966428
245 1 0 _aAparato circulatorio /
_cPedro Cossio.
250 _a5a ed.
260 _aBuenos Aires, Argentina :
_bLibrería El ateneo,
_c1956.
300 _a411 p. :
_bil. ;
_c23 cm.
999 _c39646
_d39646